[Event "AUTO-BEG-686"]
[Site "http://www.queenalice.com/game.php?id=1815258"]
[Date "2023.6.30"]
[Round "1"]
[White "Bomboche"]
[Black "Jack_7"]
[Result "0-1"]
[WhiteElo "1192"]
[BlackElo "1024"]

1. e4 Na6 2. a3 c5 3. Bb5 e5 4. Nf3 Ne7 5. Nxe5 Nc6 6. Qh5 g6 7. Qf3 Nxe5 8. Qb3
Qg5 9. O-O f5 10. f4 c4 11. Bxc4 Bc5+ 12. Kh1 Qh5 13. fxe5 fxe4 14. Bf7+ Kd8 15.
Nc3 Rf8 16. Bc4 Qxe5 17. d3 Rxf1# 0-1

[Event "Challenge"]
[Site "http://www.queenalice.com/game.php?id=1825542"]
[Date "2023.11.20"]
[Round "-"]
[White "madeira39"]
[Black "Jack_7"]
[Result "1-0"]
[WhiteElo "1797"]
[BlackElo "1043"]

1. e4 e5 2. Bc4 d6 3. Qf3 Qf6 4. d3 Ne7 5. Qg3 Be6 6. Bxe6 fxe6 7. Nc3 Nd7 8.
Nf3 h5 9. Nb5 Rc8 10. Nxa7 h4 11. Qh3 Rb8 12. Nb5 Kd8 13. Bd2 b6 14. Bg5 Qg6 15.
Na7 d5 16. Nc6+ Kc8 17. Bxe7 Qe8 18. Bxf8 Rxf8 19. Nxb8 Kxb8 20. Qxh4 Rf4 21.
Qh7 Nf6 22. Qxg7 Nh5 23. Qxe5 Qf7 24. Ng5 Qf8 25. Nxe6 Ka7 26. Nxf8 Rxf8 27.
Qxh5 1-0

[Event "AUTO-OPEN-4569"]
[Site "http://www.queenalice.com/game.php?id=1850144"]
[Date "2025.1.10"]
[Round "1"]
[White "Jack_7"]
[Black "game"]
[Result "0-1"]
[WhiteElo "1107"]
[BlackElo "1573"]

1. Nf3 d6 2. a4 Nc6 3. d4 Bf5 4. Nbd2 Nb4 5. e4 Bg6 6. c3 Nc6 7. Bc4 Bh5 8. O-O
Na5 9. b4 Nc6 10. b5 Na5 11. Nb3 Nxc4 12. Qd3 Nb6 13. h3 d5 14. Re1 Bg6 15. Ne5
Bxe4 16. Qg3 e6 17. Nc5 Bxc5 0-1

[Event "AUTO-OPEN-4569"]
[Site "http://www.queenalice.com/game.php?id=1850146"]
[Date "2025.1.10"]
[Round "1"]
[White "Jack_7"]
[Black "cerenzo72"]
[Result "0-1"]
[WhiteElo "1093"]
[BlackElo "2076"]

1. e4 e5 2. f3 d5 3. f4 dxe4 4. Bc4 exf4 5. d3 Qh4+ 6. Kd2 e3+ 7. Kc3 Nc6 8. Nf3
Bb4+ 9. Kb3 Qe7 10. c3 Ba5 11. g3 g5 12. Nd4 Nxd4+ 13. cxd4 Qb4+ 14. Kc2 Be6 15.
Qh5 Bxc4 16. Qxg5 Be6 17. Qe5 Qa4+ 18. b3 Qc6+ 19. Kb2 Qxh1 0-1

[Event "AUTO-OPEN-4569"]
[Site "http://www.queenalice.com/game.php?id=1850147"]
[Date "2025.1.10"]
[Round "1"]
[White "cerenzo72"]
[Black "Jack_7"]
[Result "1-0"]
[WhiteElo "2042"]
[BlackElo "1091"]

1. b3 Na6 2. e4 c5 3. Bb2 e5 4. Bxe5 Qe7 5. Nf3 d6 6. Bb2 Qxe4+ 7. Be2 Nb4 8. d3
Qf5 9. O-O Ne7 10. Nbd2 Be6 11. a3 Nbd5 12. Nc4 Qf4 13. Bc1 Qf6 14. Bb2 Nc3 15.
Nxd6+ Kd8 16. Nxb7+ Kd7 17. Nxc5+ 1-0

[Event "AUTO-OPEN-4569"]
[Site "http://www.queenalice.com/game.php?id=1850148"]
[Date "2025.1.10"]
[Round "1"]
[White "Jack_7"]
[Black "Pin"]
[Result "0-1"]
[WhiteElo "1109"]
[BlackElo "2133"]

1. Nf3 Nf6 2. d3 g6 3. h3 Bg7 4. e4 d6 5. e5 dxe5 6. Nxe5 O-O 7. c4 Bf5 8. g4
Be6 9. Bg5 Nbd7 10. Qa4 c6 11. Bf4 Nc5 12. Qb4 Qb6 13. Qc3 Rad8 0-1

[Event "AUTO-OPEN-4569"]
[Site "http://www.queenalice.com/game.php?id=1850149"]
[Date "2025.1.10"]
[Round "1"]
[White "Pin"]
[Black "Jack_7"]
[Result "1-0"]
[WhiteElo "2132"]
[BlackElo "1111"]

1. e4 Nf6 2. e5 Nd5 3. Nf3 f5 4. exf6 exf6 5. Bc4 Nf4 6. O-O d5 7. Bb3 Bc5 8. d4
Bxd4 9. Nxd4 c5 10. Bxf4 cxd4 11. Re1+ Kf7 12. Qh5+ g6 13. Bxd5+ Be6 14. Bxe6+
Ke7 15. Qc5+ 1-0